| 000 | 00424nam a2200193Ia 4500 | ||
|---|---|---|---|
| 005 | 20240823035603.0 | ||
| 008 | 240823s9999||||xx |||||||||||||| ||und|| | ||
| 020 | _a0-14-027922-9 | ||
| 041 | _aENGLISH | ||
| 082 | _A813.54 N8 | ||
| 100 | _aVictor Rangel Ribeiro | ||
| 245 | 0 | _aTivolem | |
| 250 | _a1st | ||
| 260 |
_c1998 _bA Penguin |
||
| 500 | _aYES | ||
| 650 |
_aNovel _bEnglish |
||
| 942 | _cBK | ||
| 999 |
_c201045 _d201045 |
||